| 000 | 01016nam a2200217Ia 4500 | ||
|---|---|---|---|
| 003 | OSt | ||
| 005 | 20250218094941.0 | ||
| 007 | ca aa aaaaa | ||
| 008 | 201103s9999 xx 000 0 und d | ||
| 040 | _cSSBUL | ||
| 041 | _abur | ||
| 082 |
_a၂၉၄.၃၄၃၅၀၉ _2၂၃ _bသာ |
||
| 100 |
_a သာနိုင်အောင်(ကျိုက်မရော) _915679 |
||
| 245 | 0 |
_aကျိုက်မရောမြို့ထင်ပေါ်ကျော်ကြားဆုတောင်းပြည့်မြတ်စွာဘုရားသမိုင်း / _cသာနိုင်အောင်(ကျိုက်မရော) ။ |
|
| 250 | _aဒုတိယအ ကြိမ် ။ | ||
| 260 |
_aရန်ကုန် ၊ _bဗိုလ်မှူးကြီးသာအောင် ၊ _c၂၀၀၉ ။ |
||
| 300 |
_a၁၀၀ စာမျက်နှာ ၊ _bမြေပုံ ၊ _c၂၁ စင်တီ ။ဘု |
||
| 942 |
_cBK _2ddc |
||
| 942 | _2ddc | ||
| 942 | _2ddc | ||
| 999 |
_c14301 _d14301 |
||